| 000 | 02011cam a22004334a 4500 | ||
|---|---|---|---|
| 999 |
_c174530 _d174530 |
||
| 001 | 16592456 | ||
| 003 | Nust | ||
| 005 | 20180117090022.0 | ||
| 008 | 101228s2010 dcuab b 101 0 eng c | ||
| 010 | _a 2010284211 | ||
| 020 | _a9780821385180 (pbk.) | ||
| 020 | _a0821385186 (pbk.) | ||
| 035 | _a(OCoLC)ocn670483310 | ||
| 040 |
_aBTCTA _beng _cBTCTA _dYDXCP _dINU _dCDX _dDLC |
||
| 042 | _apcc | ||
| 043 | _ad------ | ||
| 050 | 0 | 0 |
_aHC59.7 _b.K67 2010 |
| 082 | 0 | 0 |
_a338.9009172/4 _222 |
| 111 | 2 |
_aKorea-World Bank High Level Conference on Post-Crisis Growth and Development _d(2010 : _cPusan, Korea) |
|
| 245 | 1 | 0 |
_aPostcrisis growth and development : _ba development agenda for the G-20 / _cShahrokh Fardoust, Yongbeom Kim, Claudia Sepúlveda, editors. |
| 260 |
_aWashington, D.C. : _bWorld Bank, _cc2011. |
||
| 300 |
_axxxiv, 548 p. : _bill., maps ; _c23 cm. |
||
| 500 | _a"Papers presented at the Korea-World Bank High Level Conference on Post-Crisis Growth and Development co-hosted by the Presidential Committee for the G-20 Seoul Summit and the World Bank, with the support of the Korea Institute for International Economic Policy." | ||
| 504 | _aIncludes bibliographical references and index. | ||
| 610 | 2 | 0 |
_aGroup of Twenty _vCongresses. |
| 650 | 0 |
_aEconomic development _zDeveloping countries _vCongresses. |
|
| 650 | 0 |
_aInternational finance _vCongresses. |
|
| 650 | 0 |
_aEconomic assistance _zDeveloping countries _vCongresses. |
|
| 650 | 0 |
_aGlobal Financial Crisis, 2008-2009 _vCongresses. |
|
| 700 | 1 |
_aFardoust, Shahrokh, _d1949- |
|
| 700 | 1 | _aKim, Yongbeom. | |
| 700 | 1 |
_aSepulveda, Claudia Paz, _d1969- |
|
| 710 | 2 | _aWorld Bank. | |
| 710 | 2 | _aTaeoe Kyŏngje Chŏngch'aek Yŏn'guwŏn (Korea) | |
| 906 |
_a7 _bcbc _cpccadap _d2 _encip _f20 _gy-gencatlg |
||
| 942 |
_2ddc _cBK |
||